El futuro del sector textil y de la confección en la Unión Europea ampliada (Registro nro. 15996)
[ vista simple ]
| 000 -CABECERA | |
|---|---|
| Longitud fija campo de control | 01181nam a2200337 c 4500 |
| 001 - NÚMERO DE CONTROL | |
| Número de control | 15996 |
| 003 - IDENTIFICADOR DE NÚMERO DE CONTROL | |
| Identificador del número de control | ES-MaCES |
| 005 - FECHA Y HORA DE LA ÚLTIMA TRANSACCIÓN | |
| Fecha y hora de la última transacción | 20160629131904.0 |
| 008 - CAMPO FIJO DE DESCRIPCIÓN FIJA--INFORMACIÓN GENERAL | |
| Códigos de información de longitud fija | 040122s2003 lu t o000 | spa d |
| 035 ## - NÚMERO DE CONTROL DEL SISTEMA | |
| Número de control del sistema | CES20040000662m |
| 040 ## - FUENTE DE CATALOGACIÓN | |
| Centro catalogador de origen | ES-MaCES |
| Lengua de catalogación | spa |
| Centro transcriptor | ES-MaCES |
| 110 2# - ENCABEZAMIENTO PRINCIPAL--NOMBRE CORPORATIVO | |
| 9 (RLIN) | 2014 |
| Nombre de entidad corporativa o nombre de jurisdicción como elemento inicial | Comisión de las Comunidades Europeas |
| 245 13 - MENCIÓN DE TÍTULO | |
| Título | El futuro del sector textil y de la confección en la Unión Europea ampliada |
| Mención de responsabilidad, etc. | comunicación de la Comisión al Consejo ... [et al.] |
| 260 ## - PUBLICACIÓN, DISTRIBUCIÓN, ETC (PIE DE IMPRENTA) | |
| Lugar de publicación, distribución, etc. | Luxemburgo |
| Nombre del editor, distribuidor, etc. | Oficina de Publicaciones Oficiales de las Comunidades Europeas |
| Fecha de publicación, distribución, etc. | 2003 |
| 300 ## - DESCRIPCIÓN FÍSICA | |
| Extensión | 45 p. |
| Dimensiones | 30 cm |
| 490 1# - MENCIÓN DE SERIE | |
| Mención de serie | COM(03) |
| Designación de volumen o secuencia | 649 final |
| 500 ## - NOTA GENERAL | |
| Nota general | Tít. tomado de la cub. |
| 541 ## - NOTA DE LA FUENTE INMEDIANTE DE ADQUISICIÓN | |
| Forma de adquisición | Suscripción conjunta |
| 650 #4 - ASIENTO SECUNDARIO DE MATERIA--TÉRMINO DE MATERIA | |
| Término de materia o nombre geográfico como elemento inicial | industria textil |
| 9 (RLIN) | 27716 |
| 650 #4 - ASIENTO SECUNDARIO DE MATERIA--TÉRMINO DE MATERIA | |
| Término de materia o nombre geográfico como elemento inicial | corte y confección |
| 9 (RLIN) | 29934 |
| 650 #4 - ASIENTO SECUNDARIO DE MATERIA--TÉRMINO DE MATERIA | |
| Término de materia o nombre geográfico como elemento inicial | industria del vestido |
| 9 (RLIN) | 26769 |
| 650 #4 - ASIENTO SECUNDARIO DE MATERIA--TÉRMINO DE MATERIA | |
| Término de materia o nombre geográfico como elemento inicial | sector económico |
| 9 (RLIN) | 30015 |
| 650 #4 - ASIENTO SECUNDARIO DE MATERIA--TÉRMINO DE MATERIA | |
| Término de materia o nombre geográfico como elemento inicial | análisis económico |
| 9 (RLIN) | 27070 |
| 650 #4 - ASIENTO SECUNDARIO DE MATERIA--TÉRMINO DE MATERIA | |
| Término de materia o nombre geográfico como elemento inicial | adhesión de miembros |
| 9 (RLIN) | 30972 |
| 653 10 - TÉRMINO DE INDEXACIÓN--NO CONTROLADO | |
| Término no controlado | Industria-Energía |
| 650 #4 - ASIENTO SECUNDARIO DE MATERIA--TÉRMINO DE MATERIA | |
| 9 (RLIN) | 26752 |
| Término de materia o nombre geográfico como elemento inicial | UE |
| 830 #0 - ENCABEZAMIENTO SECUNDARIO DE COLECCIÓN--TÍTULO UNIFORME | |
| Título uniforme | COM(03) |
| Designación de volumen o secuencia | 649 final |
| 9 (RLIN) | 33822 |
| 902 ## - CES. TIPO DE DOCUMENTO | |
| Tipodoc (006$c Sirtex) | DOC Literatura gris |
| 942 ## - ELEMENTOS KOHA | |
| Fuente de clasificaión o esquema | Clasificación propia del CES |
| Koha [por defecto] tipo de item | Monografías |
| Parte de clasificación | 5.2. |
| Número de registro | Signatura completa | Tipo de item de Koha |
|---|---|---|
| 055180 | COM(03)649F | Monografías |
